000 00820nam a2200253Ia 4500
003 OSt
005 20220918171227.0
006 a|||||r|||| 00| 0
007 ta
008 220917b |||||||| |||| 00| 0 eng d
020 _a9781438439327 (pbk)
_c1746.75
024 _a281,755
037 _b41476, 31/07/2014, Segment Book Distributors
_cTextual
040 _aARTS
_cARTS
_beng
041 _2eng
_aeng
082 _aR694,43, Q1
100 _aHu Hsiao Lan
_934929
245 0 _aWorldly nibbana
_b A Buddhist feminist social ethic for peacemaking in the global community
260 _aNew York
_bSuny Press USA
_c2011
300 _axi,238p.
_ccm.
650 _aPHILOSOPHY
942 _hR694,43, Q1
_cTEXL
_2CC
999 _c138451
_d138451